[Event "Golubitskaya Crimean Dridge"]
[Site "Golubitskaya"]
[Date "2018.05.27"]
[Round "5"]
[White "Eliava, Gela"]
[Black "Kravchenko, Vladimir"]
[Result "1-0"]
[WhiteElo "2083"]
[BlackElo "1984"]
[PlyCount "45"]
[EventDate "2018.05.25"]
[EventType "tourn"]
[EventRounds "9"]
[EventCountry "RUS"]
[EventCategory "2"]
[SourceTitle "CBM 184 Extra"]
[Source "ChessBase"]
[SourceDate "2018.06.28"]
[SourceVersion "1"]
[SourceVersionDate "2018.06.28"]
[SourceQuality "1"]

1. Nc3 e5 2. Nf3 Nc6 3. d4 exd4 4. Nxd4 Bb4 5. Nxc6 dxc6 6. Qxd8+ Kxd8 7. Bd2 Be6 8. 0-0-0 Ke7 9. e4 Rd8 10. f4 Nf6 11. Bd3 h6 12. h3 Ne8 13. f5 Bc8 14. Nd5+ cxd5 15. Bxb4+ Kf6 16. e5+ Kxe5 17. Rde1+ Kf4 18. Bd2+ Kg3 19. Re3+ Kxg2 20. Rhe1 Nf6 21. R1e2+ Kg1 22. Rg3+ Kh1 23. Be3 1-0

[Event "Golubitskaya Crimean Dridge"]
[Site "Golubitskaya"]
[Date "2018.05.27"]
[Round "6"]
[White "Plokhotniuk, Vladimir"]
[Black "Eliava, Gela"]
[Result "1-0"]
[WhiteElo "2352"]
[BlackElo "2083"]
[PlyCount "65"]
[EventDate "2018.05.25"]
[EventType "tourn"]
[EventRounds "9"]
[EventCountry "RUS"]
[EventCategory "2"]
[SourceTitle "CBM 184 Extra"]
[Source "ChessBase"]
[SourceDate "2018.06.28"]
[SourceVersion "1"]
[SourceVersionDate "2018.06.28"]
[SourceQuality "1"]

1. e4 c5 2. Nf3 d6 3. Nc3 g6 4. d4 cxd4 5. Qxd4 Nf6 6. e5 Nc6 7. Qa4 dxe5 8. Nxe5 Qd4 9. Qxd4 Nxd4 10. Bd3 Bf5 11. Be3 Bxd3 12. Bxd4 Ba6 13. Rd1 Bg7 14. f3 0-0 15. Nd7 Nxd7 16. Bxg7 Kxg7 17. Rxd7 Rfe8 18. Kf2 Rac8 19. Rhd1 f6 20. R1d2 Kf7 21. Ne4 Kf8 22. b3 Rc6 23. c4 Rec8 24. Ke3 R6c7 25. Rxc7 Rxc7 26. Rd8+ Kf7 27. Nc3 e6 28. h4 h5 29. a4 b6 30. g3 Kg7 31. Ne4 Kf7 32. Ra8 Rd7 33. a5 1-0